| 000 | 00587nam a22001817a 4500 | ||
|---|---|---|---|
| 999 |
_c181490 _d181490 |
||
| 005 | 20210916104712.0 | ||
| 010 | _aENG-129929 | ||
| 020 |
_a978-93-86720-28-3 _c999.00 |
||
| 035 | _aEN-113461 | ||
| 037 | _bDBAD/PUB | ||
| 082 | _a000 | ||
| 245 |
_aIBPS-CWE 15 Practice Papers for clerk : _cedited by Bhubneshwar pratap Sahi |
||
| 260 |
_bRathore _aIndia _c2019 |
||
| 270 |
_bGhaziabad _e201010 _aBasement,260,Shaktikhand-III Indirapuram _mrathorepublishers@gmail.com |
||
| 300 |
_av.p. _c25cm(hbk) |
||
| 700 | _aSahi,Bhubneshwar Partap | ||
| 942 |
_2ddc _cEN _h000 _mIBP |
||